<?xml version="1.0" encoding="UTF-8"?>
<marc:record xmlns:marc="http://www.loc.gov/MARC21/slim">
   <marc:leader>00000nam a2200000 a 4500</marc:leader>
   <marc:datafield ind1="1" ind2=" " tag="100">
      <marc:subfield code="a">Gaulon, Aleth</marc:subfield>
      <marc:subfield code="4">ctb</marc:subfield>
      <marc:subfield code="e">Mitwirkende/-r</marc:subfield>
   </marc:datafield>
   <marc:datafield ind1="1" ind2=" " tag="100">
      <marc:subfield code="a">Luksch, Rosemary</marc:subfield>
      <marc:subfield code="4">ctb</marc:subfield>
      <marc:subfield code="e">Mitwirkende/-r</marc:subfield>
   </marc:datafield>
   <marc:datafield ind1=" " ind2=" " tag="653">
      <marc:subfield code="a">Französisch</marc:subfield>
   </marc:datafield>
   <marc:datafield ind1=" " ind2=" " tag="653">
      <marc:subfield code="a">Grammatik</marc:subfield>
   </marc:datafield>
   <marc:datafield ind1=" " ind2=" " tag="653">
      <marc:subfield code="a">Grundwortschatz</marc:subfield>
   </marc:datafield>
   <marc:datafield ind1=" " ind2=" " tag="653">
      <marc:subfield code="a">Lernen/Erwachsenenbildung</marc:subfield>
   </marc:datafield>
   <marc:datafield ind1=" " ind2=" " tag="653">
      <marc:subfield code="a">Volkshochschule</marc:subfield>
   </marc:datafield>
   <marc:datafield ind1=" " ind2=" " tag="653">
      <marc:subfield code="a">Aufgabensammlung</marc:subfield>
   </marc:datafield>
   <marc:datafield ind1="0" ind2="0" tag="245">
      <marc:subfield code="a">Meurtre au Moulin Rouge</marc:subfield>
   </marc:datafield>
   <marc:datafield ind1="0" ind2="0" tag="245">
      <marc:subfield code="b">4 Kurzkrimis für geübte Anfänger ; Lernziel Französisch Grammatik</marc:subfield>
   </marc:datafield>
   <marc:datafield ind1="0" ind2="0" tag="245">
      <marc:subfield code="c">Aleth Gaulon ; Rosemary Luksch</marc:subfield>
   </marc:datafield>
   <marc:datafield ind1=" " ind2="1" tag="264">
      <marc:subfield code="a">München</marc:subfield>
      <marc:subfield code="b">Compact-Verl.</marc:subfield>
      <marc:subfield code="c">2008</marc:subfield>
   </marc:datafield>
   <marc:datafield ind1="1" ind2=" " tag="490">
      <marc:subfield code="a">Lernkrimi Französisch</marc:subfield>
   </marc:datafield>
   <marc:datafield ind1="1" ind2=" " tag="520">
      <marc:subfield code="a">Angaben aus der Verlagsmeldung

Mord im Moulin Rouge : Lernziel Französisch Grammatik / von Rosemary Luksch

Fesselnde Kriminalgeschichten und Sprachtraining in einem! Ein Band mit 4 spannenden Kurzkrimis auf leichtem Sprachniveau für Anfänger mit Grundkenntnissen. Durch die Lektüre der Kurzkrimis werden erste Französischkenntnisse angewandt und vertieft. Unterschiedliche, in den Text integrierte Übungsformen, wie z. B. Lückentext, Multiple Choice, Rätsel oder Umform-Aufgaben werden passend zum Inhalt und Lernziel aufbereitet. Die Aufgaben werden vom Leser selbst bearbeitet und die Lösungen direkt ins Buch eingetragen. Im hinteren Teil des Buches befinden sich die Lösungen und ein Abschlusstest, der dem Lernenden Aufschluss über seinen sprachlichen Fortschritt gibt. Die Aufeinanderfolge von reiner Story und Übungsaufgaben macht das Buch spannend und unterhaltsam. Das Interesse am Fortgang des Krimis regt zum aktiven Lesen und Lernen an. Das Buch ist konzipiert für geübte Anfänger (Niveau A2 des Gemeinsamen Europäischen Referenzrahmens).
</marc:subfield>
   </marc:datafield>
   <marc:datafield ind1=" " ind2=" " tag="020">
      <marc:subfield code="a">9783817478187</marc:subfield>
      <marc:subfield code="9">9783817478187</marc:subfield>
   </marc:datafield>
   <marc:datafield ind1=" " ind2=" " tag="041">
      <marc:subfield code="a">fre</marc:subfield>
   </marc:datafield>
   <marc:datafield ind1=" " ind2=" " tag="300">
      <marc:subfield code="a">159 S.</marc:subfield>
   </marc:datafield>
</marc:record>
